Performance measurement in corporate real estate (Record no. 81672)
[ view plain ]
| 000 -LEADER | |
|---|---|
| fixed length control field | 01297cab a22002295a 4500 |
| 001 - CONTROL NUMBER | |
| control field | L147883 |
| 008 - FIXED-LENGTH DATA ELEMENTS--GENERAL INFORMATION | |
| fixed length control field | 090625s2009 xxko f 000 0 eng d |
| 035 ## - SYSTEM CONTROL NUMBER | |
| System control number | (Sirsi) u147883 |
| 041 0# - LANGUAGE CODE | |
| Language code of text/sound track or separate title | eng |
| 100 1# - MAIN ENTRY--PERSONAL NAME | |
| Personal name | Jordan, Michael |
| 245 00 - TITLE STATEMENT | |
| Title | Performance measurement in corporate real estate |
| 260 ## - PUBLICATION, DISTRIBUTION, ETC. | |
| Date of publication, distribution, etc. | 2009 |
| 490 #0 - SERIES STATEMENT | |
| Series statement | Journal of Corporate Real Estate |
| Volume/sequential designation | 11(2) 2009, 106-114(9) |
| 520 ## - SUMMARY, ETC. | |
| Summary, etc. | Seeks to demonstrate that choosing the right business metrics and monitoring them through effective scorecards identifies and augments the competitive value that corporate real estate (CRE) creates for its host company. Describes the common failures in performance measuring systems and presents a six-step process for effective scorecarding formulated solely on strategic business objectives. Concludes that CRE metrics should report CRE team performance in using real estate to contribute to organisational objectives and real estate metrics must be based on larger business objectives for scorecards to meaningfully improve execution. |
| 590 ## - LOCAL NOTE (RLIN) | |
| Local note | KA |
| 651 #4 - SUBJECT ADDED ENTRY--GEOGRAPHIC NAME | |
| Geographic name | United States |
| Chronological subdivision | 1959- |
| 690 ## - LOCAL SUBJECT ADDED ENTRY--TOPICAL TERM (OCLC, RLIN) | |
| Topical term or geographic name as entry element | PROPERTY-COMMERCIAL PROPERTY-CORPORATE REAL ESTATE |
| 690 ## - LOCAL SUBJECT ADDED ENTRY--TOPICAL TERM (OCLC, RLIN) | |
| Topical term or geographic name as entry element | MANAGEMENT-QUALITY MANAGEMENT-PERFORMANCE MEASUREMENT |
| 700 1# - ADDED ENTRY--PERSONAL NAME | |
| Personal name | McCarthy, Thomas |
| 700 1# - ADDED ENTRY--PERSONAL NAME | |
| Personal name | Velo, Brian |
| 942 ## - ADDED ENTRY ELEMENTS (KOHA) | |
| Suppress in OPAC | 0 |
| Withdrawn status | Lost status | Source of classification or shelving scheme | Damaged status | Not for loan | Home library | Current library | Shelving location | Date acquired | Total Checkouts | Full call number | Barcode | Date last seen | Copy number | Price effective from | Koha item type |
|---|---|---|---|---|---|---|---|---|---|---|---|---|---|---|---|
| Dewey Decimal Classification | London | London | Journal article | 25/06/2009 | L147883 | 147883-1001 | 06/08/2019 | 1 | 06/08/2019 | Journal article |